「亀」がつく駅名 - Statistics

General Stats
  • This quiz has been taken 225 times
  • The average score is 9 of 19
Answer Stats
都府県 駅名 % Correct
三重県 亀山
84%
兵庫県 亀山
84%
京都府 亀岡
79%
新潟県 亀田
76%
東京都 亀戸
75%
東京都 亀有
69%
熊本県 亀井
56%
香川県 丸亀
56%
広島県 あき亀山
46%
大分県 亀川
46%
東京都 亀戸水神
45%
愛知県 亀島
41%
千葉県 上総亀山
39%
岡山県 亀甲
35%
愛知県 亀崎
29%
愛媛県 伊予亀岡
26%
秋田県 羽後亀田
20%
京都府 トロッコ亀岡
19%
島根県 亀嵩
14%
No matching quizzes found
Score Distribution
Percent of People with Each Score
Percentile by Number Answered
Your Score History
You have not taken this quiz